West Asia Capitals Quiz - Statistics

General Stats
  • This quiz has been taken 152 times
    149 since last reset
  • The average score is 15 of 21
Answer Stats
Hint Answer % Correct
Israel Jerusalem
90%
Iran Tehran
88%
Iraq Baghdad
85%
Kuwait Kuwait City
83%
Saudi Arabia Riyadh
83%
Qatar Doha
80%
United Arab Emirates Abu Dhabi
78%
Azerbaijan Baku
76%
Jordan Amman
73%
Yemen Sana'a
73%
Syria Damascus
71%
Oman Muscat
71%
Cyprus Nicosia
71%
Bahrain Manama
68%
Georgia Tbilisi
68%
Kazakhstan Astana
63%
Armenia Yerevan
59%
Turkmenistan ashgabat
54%
Kyrgyzstan Bishkek
54%
Tajikistan Dushanbe
51%
Uzbekistan Tashkent
51%
No matching quizzes found
Score Distribution
Percent of People with Each Score
Percentile by Number Answered
Your Score History
You have not taken this quiz since the last reset